[Event "Rafsanjan op 1st"]
[Site "Rafsanjan"]
[Date "2015.08.14"]
[Round "8"]
[White "Mohammadi, Farhad"]
[Black "Mahdavi Meymand, Hamid"]
[Result "0-1"]
[WhiteElo "1816"]
[BlackElo "1695"]
[PlyCount "63"]
[EventDate "2015.08.10"]
[EventType "swiss"]
[EventRounds "9"]
[EventCountry "IRI"]
[SourceTitle "EXT 2016"]
[Source "ChessBase"]
[SourceDate "2015.10.08"]
[SourceVersion "1"]
[SourceVersionDate "2015.10.08"]
[SourceQuality "1"]

1. Nf3 e6 2. e4 d5 3. exd5 exd5 4. d4 Be7 5. Nc3 Nf6 6. h3 c6 7. Bd3 h6 8. Be3 Be6 9. a3 Nbd7 10. 0-0 Qc7 11. Nh2 g5 12. f3 Nh5 13. Ne2 0-0-0 14. b3 f5 15. Qc1 Rhg8 16. b4 a6 17. c4 dxc4 18. Bxc4 Bxc4 19. Qxc4 Bd6 20. f4 gxf4 21. Bd2 Ng3 22. Nxg3 fxg3 23. Nf3 f4 24. Rfc1 Kb8 25. a4 Qb6 26. Rcb1 Ne5 27. Qc3 Nxf3+ 28. gxf3 Bc7 29. b5 Rxd4 30. Kg2 Rc4 31. Rf1 Rxc3 32. Bxc3 0-1

[Event "Rafsanjan op 1st"]
[Site "Rafsanjan"]
[Date "2015.08.11"]
[Round "3"]
[White "Baniasad, Emad"]
[Black "Mohammadi, Farhad"]
[Result "1/2-1/2"]
[WhiteElo "1963"]
[BlackElo "1816"]
[PlyCount "83"]
[EventDate "2015.08.10"]
[EventType "swiss"]
[EventRounds "9"]
[EventCountry "IRI"]
[SourceTitle "EXT 2016"]
[Source "ChessBase"]
[SourceDate "2015.10.08"]
[SourceVersion "1"]
[SourceVersionDate "2015.10.08"]
[SourceQuality "1"]

1. e4 g6 2. d4 Bg7 3. Nf3 e6 4. Be3 b6 5. Bd3 Bb7 6. 0-0 a5 7. Nbd2 d5 8. h3 dxe4 9. Nxe4 Nd7 10. c3 Ngf6 11. Nxf6+ Nxf6 12. Ne5 0-0 13. Qe2 Nd5 14. Bd2 Ne7 15. Bc4 Nc6 16. Nxf7 Rxf7 17. Qxe6 Qf6 18. Qxf7+ Qxf7 19. Bxf7+ Kxf7 20. Rfe1 Re8 21. Bf4 Rc8 22. Rad1 Ne7 23. f3 Bd5 24. b3 b5 25. Rd2 Nf5 26. Kf2 a4 27. b4 c6 28. g4 Bh6 29. Bxh6 Nxh6 30. Rde2 Rc7 31. a3 Ng8 32. f4 Ne7 33. Kg3 Nc8 34. f5 gxf5 35. gxf5 Nd6 36. Kf4 Nc4 37. Kg5 Nxa3 38. f6 Nc4 39. Re7+ Rxe7 40. Rxe7+ Kg8 41. Re8+ Kf7 42. Re7+ 1/2-1/2